Autorský zákon : Komentář

Na minha lista:
Detalhes bibliográficos
Main Authors: Chaloupková, Helena (Author), Holý, Petr (Author)
Formato: Livro
Idioma:tcheco
Publicado em: Praha : C. H. Beck, 2012
Edição:4. vyd.
Assuntos:
Tags: Adicionar Tag
Sem tags, seja o primeiro a adicionar uma tag!

MARC

LEADER 00000nam a22000003a 4500
001 stu257513
005 20150617230212.5
008 121120s2012----xr------------------cze-d
020 |a 978-80-7400-432-2 
040 |a STU  |b slo 
041 0 |a cze 
044 |a xr 
080 |a 347.78 
100 1 |a Chaloupková, Helena  |4 aut 
245 1 |a Autorský zákon :  |b Komentář 
250 |a 4. vyd. 
260 |a Praha :  |b C. H. Beck,  |c 2012 
300 |a 477 s 
650 7 |a autorské právo  |2 stusub 
700 1 |a Holý, Petr  |4 aut 
996 |b 284M081667  |c M*13308-1  |l MMST  |s A  |a 24  |w stu257513_0001 
996 |b 284M081668  |c M*13308-2  |l MMKN  |s A  |a 24  |w stu257513_0002